[Event "Sao Paulo-chT"]
[Site "Sao Paulo"]
[Date "2019.03.10"]
[Round "7.1"]
[White "Di Berardino, Diego Rafael"]
[Black "Popov, Serguei"]
[Result "1-0"]
[WhiteElo "2513"]
[BlackElo "1600"]
[PlyCount "63"]
[EventDate "2019.02.23"]
[EventType "team-tourn"]
[EventRounds "7"]
[EventCountry "BRA"]
[SourceTitle "CBM 189 Extra"]
[Source "ChessBase"]
[SourceDate "2019.06.03"]
[SourceVersion "1"]
[SourceVersionDate "2019.06.03"]
[SourceQuality "1"]
[WhiteTeam "Pinheiros"]
[BlackTeam "Sao Jose FIP"]
[WhiteTeamCountry "BRA"]
[BlackTeamCountry "BRA"]

1. Nf3 d5 2. c4 c6 3. d4 Nf6 4. Nc3 e6 5. Bg5 h6 6. Bh4 dxc4 7. e4 g5 8. Bg3 b5 9. Be2 Bb7 10. 0-0 Nbd7 11. Qc2 Qb6 12. Rad1 Be7 13. Ne5 Nxe5 14. Bxe5 Rg8 15. b3 Nd7 16. Bg3 cxb3 17. axb3 Rc8 18. Kh1 a6 19. e5 Nf8 20. f4 gxf4 21. Rxf4 Ng6 22. Rf2 b4 23. Na4 Qa7 24. Nc5 Rd8 25. Nxe6 fxe6 26. Bh5 Rxd4 27. Bxg6+ Rxg6 28. Qxg6+ Kd7 29. Rdf1 Qa8 30. Rf7 Qe8 31. Bf2 Rf4 32. Qd3+ 1-0